|
|
|
|
| LEADER |
00000nam0a2200000 4500 |
| 001 |
105271 |
| 005 |
20231101214611.0 |
| 010 |
|
|
|a 5276004420
|
| 035 |
|
|
|a (RuTPU)RU\TPU\book\113564
|
| 090 |
|
|
|a 105271
|
| 100 |
|
|
|a 20061114d2003 m y0rusy50 ca
|
| 101 |
0 |
|
|a rus
|
| 102 |
|
|
|a RU
|
| 105 |
|
|
|a a j 001zy
|
| 200 |
1 |
|
|a Физика металлов
|e учебное пособие
|f Ю. Н. Демин
|g Московский государственный индустриальный университет
|
| 210 |
|
|
|a Москва
|c Изд-во МГИУ
|d 2003
|
| 215 |
|
|
|a 264 с.
|c ил.
|
| 320 |
|
|
|a Библиогр.: с. 264.
|
| 330 |
|
|
|a Учебное пособие предназначено для студентов всех форм обучения по специальности «Материаловедение в машиностроении». Содержание учебного пособия соответствует Государственному образовательному стандарту высшего профессионального образования РФ и рабочим программам нескольких дисциплин: теория строения материалов; сплавы с особыми физическими свойствами; механические и физические свойства материалов.Материал учебного пособия может использоваться аспирантами и практическими работниками, специализирующимися в области материаловедения.
|
| 606 |
1 |
|
|a Металлофизика
|x Металлургия
|2 stltpush
|3 (RuTPU)RU\TPU\subj\42718
|9 62376
|
| 610 |
1 |
|
|a металловедение
|
| 610 |
1 |
|
|a металлы
|
| 610 |
1 |
|
|a физика
|
| 610 |
1 |
|
|a атомно-электронное строение
|
| 610 |
1 |
|
|a электронная теория
|
| 610 |
1 |
|
|a атомная физика
|
| 610 |
1 |
|
|a твердые тела
|
| 610 |
1 |
|
|a кристаллическая структура
|
| 610 |
1 |
|
|a сплавы
|
| 610 |
1 |
|
|a металлические фазы
|
| 610 |
1 |
|
|a физические свойства
|
| 610 |
1 |
|
|a теплопроводность
|
| 610 |
1 |
|
|a плотность
|
| 610 |
1 |
|
|a электрические свойства
|
| 610 |
1 |
|
|a термоэлектронные свойства
|
| 610 |
1 |
|
|a магнитные свойства
|
| 610 |
1 |
|
|a учебные пособия
|
| 675 |
|
|
|a 669:53(075.8)
|v 3
|
| 700 |
|
1 |
|a Демин
|b Ю. Н.
|g Юрий Никитич
|
| 712 |
0 |
2 |
|a Московский государственный индустриальный университет
|2 stltpush
|3 (RuTPU)RU\TPU\col\11073
|
| 801 |
|
1 |
|a RU
|b 63413507
|c 20061114
|g PSBO
|
| 801 |
|
2 |
|a RU
|b 63413507
|c 20150219
|g PSBO
|
| 900 |
|
|
|a Теория строения материалов
|
| 900 |
|
|
|a Механические и физические свойства материалов
|
| 900 |
|
|
|a Материаловедение
|
| 942 |
|
|
|c BK
|
| 955 |
|
|
|a 550500
|
| 959 |
|
|
|a 90/20061025
|d 1
|e 97,00
|f ЧЗТЛ:1
|